El precontrato estudio dogmático y jurisprudencial

Saved in:
Bibliografiske detaljer
Hovedforfatter: Roman García, Antonio (Author)
Format: Bog
Sprog:spansk
Udgivet: Madrid Montecorvo 1982
Fag:
Tags: Tilføj Tag
Ingen Tags, Vær først til at tagge denne postø!

MARC

LEADER 00000nam a2200000 a 4500
001 UCS4999
003 CL-VaPUC
008 970822e19820000SP |||||||||||||||||spa|d
082 0 4 |a 346.02  |b ROM  |2 21 
100 0 |a Roman García, Antonio  |e author  |9 390904 
245 1 3 |a El precontrato estudio dogmático y jurisprudencial 
300 |a 448 p 
942 |c BK 
945 |d 19970822 00:00:00  |a lriquelm 
260 |a Madrid  |b Montecorvo  |c 1982 
650 7 |a PRECONTRATO  |2 CL-VaPUC  |9 390905 
650 0 |a Derecho comparado  |9 255664 
650 0 |a Derecho civil  |9 255013 
650 0 |a Dogmática jurídica  |9 337910 
650 0 |a Ordenamiento jurídico   |9 355371 
650 0 |a Jurisprudencia  |9 255952 
583 |a last modification  |c 19970822 00:00:00  |k Rodrigo Vera 
999 |c 261753  |d 261751 
952 |0 0  |1 0  |4 0  |6 346_020000000000000_ROM_1982  |7 0  |8 A  |9 289525  |a BIBDER  |b BIBDER  |d 2019-11-19  |i 1875434  |o 346.02 ROM 1982  |p 1875434  |r 2023-01-25  |w 2019-11-19  |y BK  |k DER